000 01770nam a2200337 i 4500
999 _c65522
_d65522
001 768714001
003 CO-MdFUSB
005 20200825090542.0
007 ta
008 200325t2005 -us||||| |||| 00| 0 eng d
020 _a1565639855
040 _aCO-MdFUSB
_bspa
_cCO-MdFUSB
_dCO-MdFUSBC
_erda
041 _aeng
082 _223
_a226.206
_bC325
100 _aCarter, Warren
_eautor
245 1 _aMatthew :
_bstoryteller, interpreter, evangelist.
_c/ Warren Carter
264 1 _aEstados Unidos :
_bBaker Academic,
_c[2005]
264 4 _c© 2005
300 _a322 páginas
_c; 22 cm
336 _2rdacontent
_atexto
_btxt
337 _2rdamedia
_asin mediación
_bn
338 _2rdacarrier
_avolumen
_bnc
500 _aColección Dawn Christina Harrell
505 _aComprender el evangelio de Mateo. -- Un paso intercultural. -- Reconocer el género del Evangelio. -- Las tradiciones religiosas de la audiencia. -- Las experiencias sociales y religiosas de la audiencia: parte 1. -- Las experiencias sociales y religiosas de la audiencia: parte 2.-- Competente para leer: utilizando convenciones narrativas. -- La audiencia y el punto de vista de Dios - Manteniendo el punto de vista de Dios. -- Dando forma a la trama de Mateo. -- La trama de Mateo: granos y satélites. -- Configuraciones en el evangelio de Mateo. -- Personajes: Jesús-Agente de la presencia salvadora de Dios. -- Personajes: Jesús crucificado y resucitado. -- Personajes: las autoridades-opositores de la voluntad de Dios. -- Personajes: los Discípulos - Conclusión: el contenido del evangelio de Mateo.
563 _aRústico
630 0 7 _aBiblia
_xCrítica, interpretación, etc.
630 0 7 _aBiblia.
_vMateo
942 _cBK
945 _aJTF-925